00378nam a2200157Ia 450000500170000000800410001702000150005808200130007310000100008624500120009626000580010830000180016665000130018465000120019765000110020920241203005611.0240331s9999 xx 000 0 und d a0333931904 bBAMa894 aBama  0aKarukku aChennaibRajiv Beri for Macmillan India Limitedc2000 aXIV, 108 p ., aReligion aSociety aSocial